| 000 | 01197nam a2200133Ia 4500 | ||
|---|---|---|---|
| 008 | 220615s9999||||xx |||||||||||||| ||und|| | ||
| 020 | _a9783040000000 | ||
| 245 | 0 | _aAir Pollution Modelling: Local-, Regional-, and Global-Scale Application | |
| 546 | _aEnglish[eng] | ||
| 650 | _aUrban pollution||Street canyon||Nitrate aerosol||CFD||Air quality||open burning||biomass burning||sugarcane crops||environmental assessment||air quality modeling||chemical reaction model||urban canyon||radiation||mesoscale models||reactive pollutants||Community Multiscale Air Quality (CMAQ)||East Asia||Tokyo||SO42–||stabilized Criegee intermediates (SCI)||wildfire plume rise||smoke modeling||large eddy simulation||emissions dispersion||WRF-SFIRE||RxCADRE||RePLaT-Chaos||large-scale atmospheric advection||chaotic advection||stretching rate||escape rate||education||CMAQ||PM10||atmospheric reanalysis||PM2.5||PM2.5 components||three-dimensional chemical transport model||model inter-comparison||urban scale||secondary particles||WRF-Chem||visibility||eastern China||neural network algorithm||IMPROVE||n/a | ||
| 700 | _aItahashi, Syuichi | ||
| 856 | _uhttps://mdpi.com/books/pdfview/book/4002 | ||
| 942 | _cEB | ||
| 999 |
_c15925 _d15925 |
||